Pulldrone - Ethel Cain (Lyrics) - Statistics

General Stats
  • This quiz has been taken 4 times
  • The average score is 188 of 260
Answer Stats
Answer % Correct
a
100%
am
100%
an
100%
and
100%
apathy
100%
as
100%
assimilation
100%
be
100%
bells
100%
disruption
100%
eight
100%
eleven
100%
five
100%
four
100%
goes
100%
great
100%
i
100%
lo
100%
longer
100%
nine
100%
no
100%
not
100%
nothing
100%
of
100%
of?
100%
on
100%
one
100%
perversion
100%
seven
100%
shimmering
100%
shudder
100%
six
100%
ten
100%
that
100%
the
100%
there
100%
three
100%
through
100%
twelve
100%
two
100%
what
100%
aggrandization
67%
all
67%
always
67%
amen
67%
annihilation
67%
beauty
67%
chews
67%
cordage
67%
crane
67%
curiosity
67%
degradation
67%
delineation
67%
desolation
67%
dislocate
67%
down
67%
fit
67%
for
67%
geometry
67%
god
67%
happens
67%
have
67%
in
67%
insatiable
67%
inside
67%
it
67%
jaw
67%
know
67%
knowledge
67%
knows
67%
let
67%
me
67%
mist
67%
moment
67%
muscle
67%
my
67%
nature
67%
neck
67%
need
67%
onanism
67%
ouroboros
67%
over
67%
overwhelming
67%
possessed
67%
pull
67%
punishment
67%
quick
67%
resentment
67%
room
67%
sacred
67%
see
67%
send
67%
separation
67%
suffocation
67%
to
67%
want
67%
was
67%
we
67%
wellspring
67%
will
67%
with
67%
yes
67%
you
67%
your
67%
again
33%
against
33%
agony
33%
angel
33%
are
33%
audience
33%
back
33%
beams
33%
bearing
33%
began
33%
but
33%
claw
33%
cold
33%
come
33%
consequence
33%
dark
33%
edge
33%
errand
33%
fairness
33%
false
33%
flush
33%
fool's
33%
good
33%
hate
33%
hell
33%
him
33%
how
33%
i'll
33%
is
33%
i've
33%
laurels
33%
live
33%
much
33%
must
33%
place
33%
plummeting
33%
proud
33%
same
33%
sent
33%
shining
33%
sigh
33%
since
33%
sing
33%
sinner's
33%
speak
33%
speaking
33%
stars
33%
such
33%
sure
33%
tell
33%
these
33%
this
33%
though
33%
veil
33%
way
33%
wheel
33%
witness
33%
No matching quizzes found
Score Distribution
Percent of People with Each Score
Percentile by Number Answered
Your Score History
You have not taken this quiz